Local Political Elites' Perceptions of the EU
| Titel: | Local Political Elites' Perceptions of the EU |
|---|---|
| Verfasser: | |
| In: |
The Czech and Slovak republics, (2003), Seite 199-219 alle Artikel anzeigen |
| Veröffentlicht: | 2003 |
| Format: | Aufsatz |
| Sprache: | Englisch |
X
alg: 39169370
001A $01999:11-11-16
001B $01999:25-04-21 $t10:54:01.000
001D $01999:11-11-16
001U $0utf8
001X $00
002@ $0Aox
003@ $0391693700
007A $0391693700 $aHEB
007T $0Herd81372
010@ $aeng
011@ $a2003
021A $aLocal Political Elites' Perceptions of the EU
028A $aPerron $dCatherine
031A $h199-219 $j2003
037A $aBetr. die Tschechische Republik
039B $aIn $8--AFu--. The @road to the European Union ; 1. The @Czech and Slovak republics. - Manchester {[u.a.] : Manchester Univ. Press {[u.a.], 2003. - VI, 294 S.. - ISBN 0-7190-6597-6 $x200300000000000801 $9110010264
045F $a909 $eDDC23BSB
045F/01 $a909
045F/03 $g4371
lok: 39169370 78
exp: 39169370 78 1 #EPN
201B/01 $026-11-17 $t00:49:32.000
201U/01 $0utf8
203@/01 $0787788406
208@/01 $a11-11-16 $be
209A/01 $a/ $f000 $x00
220C/01 $aTitelaufnehmer: cs
244Z/01 $#Tschechien $#Tschechische Republik $#Tschechische Republik $#Tschechenland $#Tschechei Tschechien $#Česká Republika $#Czech Republic $#ČR $74303381-7 $8--Tg1--Tschechien $x01 $9086659812
244Z/01 $2Trx $#Böhmen $#Bohemia $#Czechy $8--Trx--Čechy $x02 $9391188941
244Z/01 $aGeschichte 1989-1998 $x03
244Z/01 $2Trx $#eliidid, poliitilised $#elitas, politikos $#elites, political $#elitek, politikai $#elity polityczne $#elity politické $#elity politické $8--Trx--Eliten, politische $x04 $9391374370
244Z/01 $2Trx $#integratsioonipoliitika, Euroopa $#Europos integracijos politika $#European integration $#integráció politika, európai $#polityka narodowościowa, europejska $#politika integračná európska $#politika integrační evropská $#Osterweiterung, europäische $#Europäisierung $#policy of integration, European $8--Trx--Integrationspolitik, europäische $x05 $9391382152
244Z/01 $2Trx $#Euroopa liit 1993- $#Europos Sąjunga 1993- $#European Union 1993- $#Európai Unió 1993- $#Unia Europejska 1993- $#Európska únia 1993- $#Evropská unie 1993- $8--Trx--Europäische Union$g1993- $x06 $9391354035
244Z/01 $2Trx $#Euroopa kontseptsioonid $#Europos koncepcijos $#concepts of Europe $#Európa-koncepciók $#koncepcje europejskie $#koncepcia európska $#koncepce evropské $#Mitteleuropa $#Europa Środkowa $#Európa stredná $#Evropa střední $8--Trx--Europakonzeptionen $x07 $9391362453
244Z/01 $2Trx $8--Trx--Einzelbeiträge $x08 $9391384570
245Z/01 $a07.04 $x01
247C/01 $82080>Marburg/Lahn, Herder-Institut, Forschungsbibliothek, Bibliographieportal $9336309341
| LEADER | 00000caa a22000002c 4500 | ||
|---|---|---|---|
| 001 | 391693700 | ||
| 003 | DE-603 | ||
| 005 | 20210425105401.0 | ||
| 007 | tu | ||
| 008 | 161111s2003 xx |||| | u00||u|eng c | ||
| 035 | |a (DE-599)HEB391693700 | ||
| 040 | |a DE-603 |b ger |c DE-603 |d DE-603 | ||
| 041 | |a eng | ||
| 082 | 0 | 4 | |8 1\u |a 909 |q DE-101 |2 23/BSB |
| 085 | |8 1\u |b 909 | ||
| 085 | |8 1\u |z 2 |s 4371 | ||
| 100 | 1 | |a Perron, Catherine | |
| 245 | 0 | 0 | |a Local Political Elites' Perceptions of the EU |
| 264 | 0 | |c 2003 | |
| 500 | |a Betr. die Tschechische Republik | ||
| 773 | 0 | 8 | |i In |t The Czech and Slovak republics |d Manchester [u.a.] : Manchester Univ. Press [u.a.], 2003 |h VI, 294 S. |z 0719065976 |g (2003), Seite 199-219 |w (DE-603)110010264 |
| 924 | 0 | |9 2080 |a (DE-603)787788406 |b DE-2080 |c HES |d d |g / | |


